[Event "FIN-chT 2223"]
[Site "Finland"]
[Date "2022.09.24"]
[Round "1.8"]
[White "Tiitta, Sauli"]
[Black "Sarkkinen, Heikki"]
[Result "1-0"]
[WhiteElo "2186"]
[BlackElo "1952"]
[PlyCount "46"]
[EventDate "2022.09.24"]
[EventType "team-tourn"]
[EventRounds "11"]
[EventCountry "FIN"]
[SourceTitle "CBM 210 Extra"]
[Source "ChessBase"]
[SourceDate "2022.11.30"]
[SourceVersion "1"]
[SourceVersionDate "2022.11.30"]
[SourceQuality "1"]
[WhiteTeam "Espoo MatSK"]
[BlackTeam "Raahe Li"]
[WhiteTeamCountry "FIN"]
[BlackTeamCountry "FIN"]

1. e4 c5 2. Nf3 e6 3. d4 cxd4 4. Nxd4 Bc5 5. Nb3 Bb6 6. Nc3 Ne7 7. Bd3 0-0 8. 0-0 f5 9. Qh5 g6 10. Qh6 d5 11. exd5 Nxd5 12. Bg5 Qd7 13. Nxd5 Qxd5 14. Rad1 Qe5 15. c3 Qg7 16. Qh4 h5 17. Nd4 e5 18. Bc4+ Kh7 19. Ne6 Bxe6 20. Bxe6 Re8 21. Bxf5 Kg8 22. Bf6 Qf7 23. Be4 Kh7 1-0

[Event "Heart of Finland op 30th"]
[Site "Jyvaskyla"]
[Date "2022.07.24"]
[Round "9"]
[White "Tiitta, Sauli"]
[Black "Reprintsev, Alexander"]
[Result "0-1"]
[WhiteElo "2193"]
[BlackElo "2353"]
[PlyCount "116"]
[EventDate "2022.07.18"]
[EventType "swiss"]
[EventRounds "9"]
[EventCountry "FIN"]
[SourceTitle "CBM 209 Extra"]
[Source "ChessBase"]
[SourceDate "2022.09.30"]
[SourceVersion "1"]
[SourceVersionDate "2022.09.30"]
[SourceQuality "1"]

1. e4 Nc6 2. Nf3 e5 3. d4 exd4 4. Bc4 Nf6 5. 0-0 Nxe4 6. Re1 d5 7. Bxd5 Qxd5 8. Nc3 Qa5 9. Nxe4 Be6 10. Neg5 0-0-0 11. Nxe6 fxe6 12. Rxe6 Be7 13. Qe2 Bf6 14. Bf4 Qf5 15. Bg3 d3 16. cxd3 Qxd3 17. Rc1 Rd7 18. Qxd3 Rxd3 19. b4 a6 20. h4 Rhd8 21. Kh2 Rd1 22. Rc2 Rb1 23. Re4 h6 24. Nd2 Rb2 25. Rxb2 Bxb2 26. Nb3 Ba3 27. Rg4 Rd7 28. Nc5 Re7 29. Nd3 b6 30. Rc4 Kb7 31. Kh3 Re2 32. Rg4 Re7 33. Rc4 h5 34. Nf4 b5 35. Rc5 Bxb4 36. Rxh5 Bd6 37. Rh7 Bxf4 38. Bxf4 a5 39. h5 b4 40. Bg5 Rd7 41. f3 Ne5 42. Bf4 Nd3 43. Bh6 a4 44. Rxg7 Rd8 45. Bg5 Rh8 46. Rd7 Ne5 47. Rd5 Rxh5+ 48. Bh4 Kc6 49. Ra5 b3 50. axb3 axb3 51. Ra1 Ng6 52. g3 Nxh4 53. gxh4 Kb5 54. Kg4 Rh8 55. h5 c5 56. Kg5 c4 57. Kg6 c3 58. h6 b2 0-1

[Event "FIN-chT 2022"]
[Site "Finland"]
[Date "2022.04.10"]
[Round "2.6"]
[White "Kahri, Antti"]
[Black "Tiitta, Sauli"]
[Result "0-1"]
[WhiteElo "2134"]
[BlackElo "2185"]
[PlyCount "84"]
[EventDate "2020.09.12"]
[EventType "team-tourn"]
[EventRounds "11"]
[EventCountry "FIN"]
[SourceTitle "EXT 2023"]
[Source "ChessBase"]
[SourceDate "2022.10.05"]
[SourceVersion "1"]
[SourceVersionDate "2022.10.05"]
[SourceQuality "1"]
[WhiteTeam "Gambiitti"]
[BlackTeam "Espoo MatSK"]
[WhiteTeamCountry "FIN"]
[BlackTeamCountry "FIN"]

1. e4 c5 2. Nc3 Nc6 3. f4 e6 4. Nf3 d5 5. Bb5 Nf6 6. e5 Nd7 7. Bxc6 bxc6 8. d3 Be7 9. 0-0 Ba6 10. b3 h6 11. Qe1 Qb6 12. Na4 Qc7 13. c4 0-0-0 14. Ba3 g5 15. g3 gxf4 16. gxf4 Rhg8+ 17. Kh1 Rg4 18. Qe3 d4 19. Qd2 Rdg8 20. Rg1 h5 21. Qe2 Bb7 22. h3 Rxg1+ 23. Rxg1 Rxg1+ 24. Nxg1 Qa5 25. Qxh5 Qd2 26. Qxf7 Qxd3 27. Qg8+ Kc7 28. Qg4 Qb1 29. Qe2 Bh4 30. Qg2 Qe1 31. Nb2 Qa5 32. Na4 Qe1 33. Bb2 Bf2 34. Kh2 Qd2 35. Qf3 Nb6 36. Nxb6 Kxb6 37. Ba3 Qxa2 38. b4 Be3+ 39. Ne2 Qxa3 40. Nxd4 cxd4 41. c5+ Kb5 42. Qf1+ Kxb4 0-1

[Event "FIN-ch"]
[Site "Sastamala"]
[Date "2021.07.19"]
[Round "3"]
[White "Lehtila, Taneli"]
[Black "Tiitta, Sauli"]
[Result "1-0"]
[WhiteElo "2204"]
[BlackElo "2162"]
[PlyCount "41"]
[EventDate "2021.07.17"]
[EventType "tourn"]
[EventRounds "9"]
[EventCountry "FIN"]
[EventCategory "2"]
[SourceTitle "CBM 203 Extra"]
[Source "ChessBase"]
[SourceDate "2021.09.30"]
[SourceVersion "1"]
[SourceVersionDate "2021.09.30"]
[SourceQuality "1"]

1. d4 Nf6 2. c4 c5 3. d5 b5 4. cxb5 a6 5. bxa6 e6 6. Nc3 exd5 7. Nxd5 Be7 8. Nxe7 Qxe7 9. e3 0-0 10. Bd3 Nxa6 11. Ne2 Nb4 12. Bb1 Ba6 13. 0-0 Ng4 14. h3 Ne5 15. Bd2 Qh4 16. Bc3 Rfe8 17. a3 Nbc6 18. Re1 g5 19. Ng3 g4 20. Nf5 Nf3+ 21. Qxf3 1-0

[Event "FIN-chT 1920"]
[Site "Finland"]
[Date "2019.09.15"]
[Round "2.6"]
[White "Kauranen, Matti"]
[Black "Tiitta, Sauli"]
[Result "0-1"]
[WhiteElo "2130"]
[BlackElo "2198"]
[PlyCount "30"]
[EventDate "2019.09.14"]
[EventType "team-tourn"]
[EventRounds "11"]
[EventCountry "FIN"]
[SourceTitle "EXT 2020"]
[Source "ChessBase"]
[SourceDate "2019.10.17"]
[SourceVersion "1"]
[SourceVersionDate "2019.10.17"]
[SourceQuality "1"]
[WhiteTeam "Helsinki HSK"]
[BlackTeam "Espoo MatSK"]
[WhiteTeamCountry "FIN"]
[BlackTeamCountry "FIN"]

1. d4 c5 2. d5 h6 3. e4 d6 4. c4 g5 5. Bd3 Bg7 6. Ne2 Nd7 7. 0-0 Ngf6 8. Nbc3 Ne5 9. f4 gxf4 10. Bxf4 Nh5 11. Qd2 Qb6 12. b3 Bg4 13. h3 Nxd3 14. hxg4 Ndxf4 15. Nxf4 Bd4+ 0-1

[Event "FIN-ch"]
[Site "Helsinki"]
[Date "2019.06.18"]
[Round "9"]
[White "Tiitta, Sauli"]
[Black "Jarvenpaa, Jari"]
[Result "0-1"]
[WhiteElo "2214"]
[BlackElo "2204"]
[PlyCount "80"]
[EventDate "2019.06.10"]
[EventType "swiss"]
[EventRounds "9"]
[EventCountry "FIN"]
[SourceTitle "CBM 191 Extra"]
[Source "ChessBase"]
[SourceDate "2019.09.30"]
[SourceVersion "1"]
[SourceVersionDate "2019.09.30"]
[SourceQuality "1"]

1. d4 Nf6 2. Nc3 d5 3. Bf4 c6 4. e3 g6 5. Be2 Bg7 6. h4 h6 7. Nf3 Bg4 8. Ne5 Bxe2 9. Qxe2 Nbd7 10. 0-0-0 e6 11. f3 Qe7 12. g4 Nb6 13. Qh2 0-0-0 14. Qe2 Ne8 15. e4 Nc7 16. Kb1 Rhe8 17. a3 Nd7 18. Nxd7 Rxd7 19. Qe3 dxe4 20. fxe4 Red8 21. e5 Kb8 22. Qf2 Nd5 23. Na4 Nxf4 24. Qxf4 b6 25. Qe4 c5 26. c3 Rd5 27. Rhf1 Qd7 28. b3 cxd4 29. c4 Rxe5 30. Qf4 f6 31. Nc3 g5 32. Qh2 Qb7 33. Rfe1 Qf3 34. Rxe5 fxe5 35. Qc2 Kc8 36. Nb5 d3 37. Qd2 e4 38. Re1 a6 39. Nc3 Bxc3 40. Qxc3 d2 0-1

[Event "FIN-chT 1819"]
[Site "Finland"]
[Date "2018.12.09"]
[Round "6.6"]
[White "Paronen, Petteri"]
[Black "Tiitta, Sauli"]
[Result "1/2-1/2"]
[WhiteElo "2083"]
[BlackElo "2156"]
[PlyCount "75"]
[EventDate "2018.09.15"]
[EventType "team-tourn"]
[EventRounds "11"]
[EventCountry "FIN"]
[SourceTitle "CBM 187 Extra"]
[Source "ChessBase"]
[SourceDate "2018.11.04"]
[SourceVersion "1"]
[SourceVersionDate "2018.11.04"]
[SourceQuality "1"]
[WhiteTeam "Kotka KymS"]
[BlackTeam "Espoo MatSK"]
[WhiteTeamCountry "FIN"]
[BlackTeamCountry "FIN"]

1. e4 c6 2. d4 d5 3. f3 g6 4. Nc3 Bg7 5. Be3 Qb6 6. Qd2 Qxb2 7. Rb1 Qa3 8. exd5 Nf6 9. dxc6 bxc6 10. Bc4 0-0 11. Nge2 Nbd7 12. 0-0 Nb6 13. Bb3 Ba6 14. Bh6 Bxh6 15. Qxh6 Nbd5 16. Rfe1 Nxc3 17. Nxc3 Rad8 18. Qe3 e6 19. Rbd1 Qa5 20. Na4 Bc4 21. Nc5 Bxb3 22. axb3 Nd5 23. Qe5 Qc7 24. Qxc7 Nxc7 25. Kf2 Nb5 26. Ke3 Nc3 27. Rd3 Nd5+ 28. Kf2 Rfe8 29. c3 Nf4 30. Rdd1 Re7 31. c4 g5 32. g3 Ng6 33. Rd3 Kf8 34. Ra1 Rc8 35. Re1 h6 36. Rd2 Rd8 37. Rd3 Ke8 38. Re2 1/2-1/2

[Event "FIN-chT 1819"]
[Site "Finland"]
[Date "2018.11.11"]
[Round "4.7"]
[White "Paasikangas Tella, Johanna"]
[Black "Tiitta, Sauli"]
[Result "0-1"]
[WhiteElo "2220"]
[BlackElo "2156"]
[PlyCount "82"]
[EventDate "2018.09.15"]
[EventType "team-tourn"]
[EventRounds "11"]
[EventCountry "FIN"]
[SourceTitle "CBM 187 Extra"]
[Source "ChessBase"]
[SourceDate "2018.11.04"]
[SourceVersion "1"]
[SourceVersionDate "2018.11.04"]
[SourceQuality "1"]
[WhiteTeam "Vantaa EtVaS"]
[BlackTeam "Espoo MatSK"]
[WhiteTeamCountry "FIN"]
[BlackTeamCountry "FIN"]

1. d4 c5 2. e3 Nf6 3. Nf3 d5 4. c3 e6 5. Bd3 Nc6 6. Nbd2 Be7 7. 0-0 0-0 8. Ne5 Nxe5 9. dxe5 Nd7 10. f4 f5 11. c4 Nb6 12. Qe2 Bd7 13. b3 Bc6 14. Bb2 Qe8 15. Rac1 Rd8 16. Ba3 Qg6 17. Nf3 dxc4 18. bxc4 Rd7 19. Rc3 Rfd8 20. Bc1 h6 21. Bc2 a6 22. Nd2 Qf7 23. e4 g6 24. Rg3 Kh7 25. Rh3 Rd4 26. Nf3 Rxc4 27. Ng5+ Bxg5 28. fxg5 h5 29. g4 Qd7 30. gxh5 Rxc2 31. Qxc2 Bxe4 32. hxg6+ Kxg6 33. Qxc5 Na4 34. Qc4 b5 35. Rh6+ Kg7 36. Qe2 Nc3 37. Qf2 Nd1 38. Qb6 Rb8 39. Qc5 Rc8 40. Be3 Rxc5 41. Bxc5 Qd2 0-1

[Event "FIN-chT1B 1819"]
[Site "Finland"]
[Date "2018.11.10"]
[Round "2.1"]
[White "Sipila, Markku"]
[Black "Tiitta, Sauli"]
[Result "0-1"]
[WhiteElo "2047"]
[BlackElo "2156"]
[PlyCount "74"]
[EventDate "2018.09.15"]
[EventType "team-tourn"]
[EventRounds "7"]
[EventCountry "FIN"]
[SourceTitle "EXT 2020"]
[Source "ChessBase"]
[SourceDate "2019.10.17"]
[SourceVersion "1"]
[SourceVersionDate "2019.10.17"]
[SourceQuality "1"]
[WhiteTeam "Lahti S"]
[BlackTeam "Espoo MatSK II"]
[WhiteTeamCountry "FIN"]
[BlackTeamCountry "FIN"]

1. d4 c5 2. e3 Nf6 3. Nf3 d5 4. Be2 Nc6 5. 0-0 Bf5 6. b3 e6 7. Bb2 Be7 8. a3 0-0 9. Nbd2 Ne4 10. Rc1 Qb6 11. Nxe4 dxe4 12. dxc5 Qxc5 13. Nd4 Rfd8 14. Qe1 Bf6 15. c3 Ne5 16. Rd1 Bg6 17. Kh1 Qb6 18. Rd2 Nd3 19. Bxd3 exd3 20. b4 e5 21. Nb3 Qc6 22. f3 b6 23. Qg3 Qc4 24. Nc1 h6 25. Rfd1 Bg5 26. Qf2 Rd7 27. g3 Rad8 28. h4 Be7 29. e4 f5 30. exf5 Bxf5 31. Qe3 Bf6 32. Re1 Kh7 33. g4 Bg6 34. h5 Bf7 35. Qe4+ Qxe4 36. Rxe4 Bg5 37. Nb3 Bxb3 0-1

[Event "FIN-chT 1819"]
[Site "Finland"]
[Date "2018.09.16"]
[Round "2.8"]
[White "Tiitta, Sauli"]
[Black "Salopaa, Tero"]
[Result "1-0"]
[WhiteElo "2156"]
[BlackElo "2099"]
[PlyCount "97"]
[EventDate "2018.09.15"]
[EventType "team-tourn"]
[EventRounds "11"]
[EventCountry "FIN"]
[SourceTitle "CBM 186 Extra"]
[Source "ChessBase"]
[SourceDate "2018.08.24"]
[SourceVersion "1"]
[SourceVersionDate "2018.08.24"]
[SourceQuality "1"]
[WhiteTeam "Espoo MatSK"]
[BlackTeam "Turku TuTS"]
[WhiteTeamCountry "FIN"]
[BlackTeamCountry "FIN"]

1. e4 d5 2. exd5 Qxd5 3. Nc3 Qd6 4. d4 c6 5. Nf3 Nf6 6. Ne5 Bf5 7. g4 Be4 8. Nxe4 Nxe4 9. Qf3 Nf6 10. Bc4 e6 11. c3 h6 12. Bf4 Qe7 13. 0-0-0 Nfd7 14. Ng6 Qf6 15. Nxh8 Bd6 16. h4 Qxf4+ 17. Qxf4 Bxf4+ 18. Kb1 Nb6 19. Bb3 N8d7 20. Rhe1 Nd5 21. c4 N5f6 22. d5 e5 23. dxc6 bxc6 24. c5 Nxc5 25. Bc4 Nxg4 26. Nxf7 Nxf2 27. Nxe5 Nxd1 28. Nd3+ Kd7 29. Nxc5+ Kd6 30. Ne4+ Ke5 31. Ba6 Rb8 32. Nc5+ Kd4 33. Ne6+ Kd5 34. Nxf4+ Kd4 35. Rxd1+ Ke3 36. Ng6 c5 37. h5 Rb4 38. Rc1 Kd4 39. b3 Rb6 40. Bc4 a5 41. Rd1+ Kc3 42. Rd3+ Kb4 43. Nf4 Ka3 44. Nd5 Rb8 45. b4+ Ka4 46. b5 g5 47. hxg6 h5 48. g7 h4 49. g8Q 1-0

[Event "Heart of Finland op 28th"]
[Site "Jyvaskyla"]
[Date "2018.07.21"]
[Round "8"]
[White "Tiitta, Sauli"]
[Black "Vilppolainen, Markku"]
[Result "1/2-1/2"]
[WhiteElo "2177"]
[BlackElo "2041"]
[PlyCount "107"]
[EventDate "2018.07.16"]
[EventType "swiss"]
[EventRounds "9"]
[EventCountry "FIN"]
[SourceTitle "EXT 2021"]
[Source "ChessBase"]
[SourceDate "2020.10.23"]
[SourceVersion "1"]
[SourceVersionDate "2020.10.23"]
[SourceQuality "1"]

1. e4 d6 2. d4 Nf6 3. Nc3 g6 4. Be3 c6 5. a4 Bg7 6. Qd2 0-0 7. Nf3 Qa5 8. Bd3 e5 9. 0-0 Ng4 10. Ne2 Qxd2 11. Bxd2 exd4 12. Nexd4 Nd7 13. c3 Nc5 14. Bc2 Re8 15. Rfe1 a5 16. Rad1 Ne5 17. Bc1 Bg4 18. h3 Nxf3+ 19. Nxf3 Bxf3 20. gxf3 Rad8 21. Be3 b5 22. axb5 cxb5 23. Rd5 b4 24. Red1 Rc8 25. Bd4 Be5 26. Ra1 bxc3 27. bxc3 a4 28. Bxa4 Ra8 29. Bxe8 Rxa1+ 30. Kg2 Ne6 31. Bxe5 dxe5 32. Rxe5 Re1 33. Kg3 Rg1+ 34. Kh2 Rc1 35. Bd7 Nf8 36. Re8 Rxc3 37. Kg3 Kg7 38. Bc8 h5 39. h4 Nh7 40. e5 g5 41. Bb7 g4 42. Kf4 Rc4+ 43. Be4 gxf3 44. Kxf3 Nf8 45. Re7 Ng6 46. Rxf7+ Kxf7 47. Bd5+ Kg7 48. Bxc4 Nxe5+ 49. Kf4 Nxc4 50. Kg5 Nd6 51. Kxh5 Nf5 52. f4 Kf6 53. Kg4 Nh6+ 54. Kh5 1/2-1/2

[Event "FIN-chT 1718"]
[Site "Finland"]
[Date "2017.12.02"]
[Round "5.8"]
[White "Tiitta, Sauli"]
[Black "Linden, Lari"]
[Result "0-1"]
[WhiteElo "2170"]
[BlackElo "2127"]
[PlyCount "98"]
[EventDate "2017.09.16"]
[EventType "team-tourn"]
[EventRounds "11"]
[EventCountry "FIN"]
[SourceTitle "EXT 2019"]
[Source "ChessBase"]
[SourceDate "2018.10.10"]
[SourceVersion "1"]
[SourceVersionDate "2018.10.10"]
[SourceQuality "1"]
[WhiteTeam "Espoo MatSK"]
[BlackTeam "Turku TuTS"]
[WhiteTeamCountry "FIN"]
[BlackTeamCountry "FIN"]

1. e4 c5 2. d4 cxd4 3. Nf3 e6 4. Nxd4 Nc6 5. Nc3 Qc7 6. Ndb5 Qb8 7. f4 a6 8. Nd4 d6 9. Be3 Nf6 10. Na4 Qc7 11. Bd3 Bd7 12. c4 Be7 13. Nb3 0-0 14. Nb6 Rad8 15. 0-0 Rfe8 16. Rc1 Qb8 17. Qf3 Bc8 18. Bb1 Nd7 19. Qh3 Nxb6 20. Bxb6 Rd7 21. Rc3 Bd8 22. Bxd8 Rdxd8 23. e5 h6 24. Rg3 Kh8 25. Qh5 Qc7 26. Rg6 fxg6 27. Qxg6 Kg8 28. f5 Qf7 29. Qg3 exf5 30. exd6 Qxc4 31. Bd3 Qg4 32. Qf2 Rxd6 33. h3 Qg5 34. Bc4+ Kh8 35. Kh1 Qe3 36. Qh4 Qe4 37. Qh5 Rf8 38. Bf7 Qe7 39. Bc4 b5 40. Be2 Qg5 41. Qf3 Nd4 42. Nxd4 Rxd4 43. Qc6 Qf6 44. Qc5 Rfd8 45. Bf3 Qd6 46. Qc1 Be6 47. b3 Bd5 48. Qe3 Bxf3 49. Qxf3 Rd1 0-1

[Event "FIN-chT 1516"]
[Site "Finland"]
[Date "2015.11.08"]
[Round "6.7"]
[White "Tiitta, Sauli"]
[Black "Nivala, Tuomas"]
[Result "1-0"]
[WhiteElo "2231"]
[BlackElo "2215"]
[PlyCount "63"]
[EventDate "2015.09.12"]
[EventType "team-tourn"]
[EventRounds "11"]
[EventCountry "FIN"]
[SourceTitle "EXT 2017"]
[Source "ChessBase"]
[SourceDate "2016.10.25"]
[SourceVersion "1"]
[SourceVersionDate "2016.10.25"]
[SourceQuality "1"]
[WhiteTeam "Espoo MatSK"]
[BlackTeam "Jyvaskyla JyS"]
[WhiteTeamCountry "FIN"]
[BlackTeamCountry "FIN"]

1. e4 d5 2. exd5 Nf6 3. Bb5+ Nbd7 4. Nc3 a6 5. Be2 Nb6 6. d4 g6 7. Nf3 Bg7 8. 0-0 0-0 9. Bg5 Nbxd5 10. Nxd5 Nxd5 11. c4 Nf6 12. Qb3 Ne4 13. Be3 Nd6 14. Rad1 Nf5 15. Bf4 Nxd4 16. Nxd4 Bxd4 17. c5 e5 18. Bxe5 Qe7 19. Bxd4 Qxe2 20. Qg3 c6 21. Rde1 Qh5 22. Qf4 Bf5 23. h3 Rad8 24. Bf6 Bd3 25. Re5 Bf5 26. g4 Qxh3 27. gxf5 Rd3 28. fxg6 Rf3 29. gxf7+ Rxf7 30. Re8+ Rf8 31. Qc4+ Qe6 32. Qxe6# 1-0